№ 2; Национальные стандарты

Xehetasun bibliografikoak
Parent link:Национальные стандарты: Информационный указатель/ Федеральное агентство по техническому регулированию и метрологии. № 2.— , 2004-
Hizkuntza:errusiera
Argitaratua: 2014
Formatua: Liburua
KOHA link:https://koha.lib.tpu.ru/cgi-bin/koha/opac-detail.pl?biblionumber=529959

MARC

LEADER 00000nam2a2200000 4500
001 529959
005 20250423163511.0
035 |a (RuTPU)RU\TPU\prd\215753 
090 |a 529959 
100 |a 20140319a19409999k y0rusy50 ca 
101 0 |a rus 
102 |a RU 
200 0 |a № 2 
210 |d 2014 
461 1 |0 (RuTPU)RU\TPU\prd\23792  |t Национальные стандарты  |o Информационный указатель  |f Федеральное агентство по техническому регулированию и метрологии  |v № 2  |d 2004- 
801 0 |a RU  |b 63413507  |c 20010227  |g PSBO 
801 1 |a RU  |b 63413507  |c 20140319 
801 2 |a RU  |b 63413507  |c 20191202  |g RCR 
850 |a 63413507 
942 |c CR